Top 25 Best Bowlers in ODI Cricket - Statistics

General Stats
  • This quiz has been taken 8 times
    7 since last reset
  • The average score is 3 of 25
Answer Stats
Answer % Correct
Jasprit Bumrah
50%
Rashid Khan
50%
Mark Wood
33%
Mitchell Starc
33%
Shaheen Afridi
33%
Trent Boult
33%
Adam Zampa
17%
Chris Woakes
17%
Josh Hazlewood
17%
Kagiso Rabada
17%
Lachlan Ferguson
17%
Shakib Al Hassan
17%
Akila Dananjaya
0%
Bhuvneshwar Kumar
0%
Jofra Archer
0%
Lungi Ngidi
0%
Matt Henry
0%
Mehedi Hassan
0%
Mitchell Santner
0%
Mohammad Amir
0%
Mohammad Nabi
0%
Mujeeb Ur Rahman
0%
Mustafizur Rahmam
0%
Pat Cummins
0%
Yuzvendra Chahal
0%
No matching quizzes found
Score Distribution
Percent of People with Each Score
Percentile by Number Answered
Your Score History
You have not taken this quiz since the last reset